Indian politics and political processes : (Record no. 751562)

MARC details
000 -LEADER
fixed length control field 00469nam a22001337a 4500
020 ## - INTERNATIONAL STANDARD BOOK NUMBER
ISBN 9781032768779
082 ## - DEWEY DECIMAL CLASSIFICATION NUMBER
Classification number 320.954 JHA//I
245 ## - TITLE STATEMENT
Title Indian politics and political processes :
Sub Title ideas,institutions and practices/
Statement of responsibility, etc edited by Mithilesh Kumar Jha and Kamal Nayan Choubey
260 ## - PUBLICATION, DISTRIBUTION, ETC. (IMPRINT)
Place of publication . - London
Name of publisher : Routledge
Year of publication , 2024
300 ## - PHYSICAL DESCRIPTION
Number of Pages xxi+503 pages
700 ## - ADDED ENTRY--PERSONAL NAME
Personal name Jha, Mithilesh Kumar Choubey,Kamal Nayan editors
942 ## - ADDED ENTRY ELEMENTS (KOHA)
Source of classification or shelving scheme Dewey Decimal Classification
Koha item type Book

No items available.